<?xml version="1.0" encoding="UTF-8"?>
<record
    xmlns:xsi="http://www.w3.org/2001/XMLSchema-instance"
    xsi:schemaLocation="http://www.loc.gov/MARC21/slim http://www.loc.gov/standards/marcxml/schema/MARC21slim.xsd"
    xmlns="http://www.loc.gov/MARC21/slim">

  <leader>00918nam a22002053i 4500</leader>
  <controlfield tag="001">78650</controlfield>
  <controlfield tag="003">BD-RjUL</controlfield>
  <controlfield tag="005">20211209083146.0</controlfield>
  <controlfield tag="008">210303s1963    pk            ||| | urd d</controlfield>
  <datafield tag="035" ind1=" " ind2=" ">
    <subfield code="a">(BD-RjUL)78876</subfield>
  </datafield>
  <datafield tag="040" ind1=" " ind2=" ">
    <subfield code="a">UkOxU</subfield>
    <subfield code="b">eng</subfield>
    <subfield code="e">rda</subfield>
    <subfield code="c">UkOxU</subfield>
  </datafield>
  <datafield tag="041" ind1=" " ind2=" ">
    <subfield code="a">ara</subfield>
  </datafield>
  <datafield tag="082" ind1=" " ind2=" ">
    <subfield code="2">23</subfield>
    <subfield code="a">891.55109</subfield>
    <subfield code="b">MOM 1963</subfield>
  </datafield>
  <datafield tag="100" ind1=" " ind2=" ">
    <subfield code="a">&#x645;&#x62C;&#x62F;&#x62F;&#x6CC;,  &#x645;&#x62D;&#x645;&#x62F; &#x646;&#x630;&#x6CC;&#x631; &#x639;&#x631;&#x634;&#x6CC; &#x646;&#x642;&#x634;&#x628;&#x646;&#x62F;&#x6CC;  ;; Mojaddi, Muhammad Nazir Arashi Naqshbandi </subfield>
    <subfield code="9">249385</subfield>
  </datafield>
  <datafield tag="245" ind1="0" ind2="0">
    <subfield code="a">&#x645;&#x641;&#x62A;&#x627;&#x62D; &#x627;&#x644;&#x639;&#x644;&#x648;&#x645; ;;  Mift&#x101;&#x1E25; al-&#x2BB;ul&#x16B;m :</subfield>
    <subfield code="b">&#x634;&#x631;&#x62D; &#x645;&#x62B;&#x646;&#x648;&#x6CC; &#x645;&#x648;&#x644;&#x6CC;&#x646;&#x627; &#x631;&#x648;&#x645; ;; shar&#x1E25;-i mas&#x332;nav&#x12B;-i maul&#x101;n&#x101; R&#x16B;m /</subfield>
    <subfield code="c">&#x645;&#x62D;&#x645;&#x62F; &#x646;&#x630;&#x6CC;&#x631; &#x639;&#x631;&#x634;&#x6CC; &#x646;&#x642;&#x634;&#x628;&#x646;&#x62F;&#x6CC; &#x645;&#x62C;&#x62F;&#x62F;&#x6CC;.;; Mu&#x1E25;ammad Na&#x1E95;&#x12B;r &#x2BB;Arsh&#x12B; Naqshband&#x12B; Mujaddid&#x12B;.</subfield>
  </datafield>
  <datafield tag="264" ind1=" " ind2="1">
    <subfield code="a">L&#x101;haur ;; &#x644;&#x627;&#x6BE;&#x648;&#x631;   :</subfield>
    <subfield code="b">&#x642;&#x631;&#x64A;&#x634;&#x6CC; &#x628;&#x6A9; &#x627;&#x64A;&#x62C;&#x646;&#x633;&#x6CC; &#x60C;;; Quraish&#x12B; Buk Aijans&#x12B;,</subfield>
    <subfield code="c">[1931-1933]</subfield>
  </datafield>
  <datafield tag="300" ind1=" " ind2=" ">
    <subfield code="a">v.;</subfield>
    <subfield code="c">26 cm</subfield>
  </datafield>
  <datafield tag="650" ind1=" " ind2=" ">
    <subfield code="a">Persian Popetry</subfield>
    <subfield code="v">history and Criticism</subfield>
    <subfield code="9">249386</subfield>
  </datafield>
  <datafield tag="942" ind1=" " ind2=" ">
    <subfield code="2">ddc</subfield>
    <subfield code="c">BK</subfield>
  </datafield>
  <datafield tag="999" ind1=" " ind2=" ">
    <subfield code="c">78650</subfield>
    <subfield code="d">78650</subfield>
  </datafield>
  <datafield tag="952" ind1=" " ind2=" ">
    <subfield code="0">0</subfield>
    <subfield code="1">0</subfield>
    <subfield code="2">ddc</subfield>
    <subfield code="4">0</subfield>
    <subfield code="7">1</subfield>
    <subfield code="8">NFIC</subfield>
    <subfield code="a">RUCL</subfield>
    <subfield code="b">RUCL</subfield>
    <subfield code="c">Reading</subfield>
    <subfield code="d">1970-02-02</subfield>
    <subfield code="e">London book of Rawalpindi</subfield>
    <subfield code="g">30.00</subfield>
    <subfield code="o">F 891.55109 MOM V-1 1963</subfield>
    <subfield code="r">2021-10-27 00:00:00</subfield>
    <subfield code="t">C-1 </subfield>
    <subfield code="y">BK</subfield>
  </datafield>
  <datafield tag="952" ind1=" " ind2=" ">
    <subfield code="0">0</subfield>
    <subfield code="1">0</subfield>
    <subfield code="2">ddc</subfield>
    <subfield code="4">0</subfield>
    <subfield code="7">1</subfield>
    <subfield code="8">NFIC</subfield>
    <subfield code="a">RUCL</subfield>
    <subfield code="b">RUCL</subfield>
    <subfield code="c">Reading</subfield>
    <subfield code="d">1970-02-02</subfield>
    <subfield code="e">London book shop , Rawalpindi</subfield>
    <subfield code="o">F 891.55109 MOM V-5 1963</subfield>
    <subfield code="r">2023-10-18 00:00:00</subfield>
    <subfield code="t">C-1</subfield>
    <subfield code="y">BK</subfield>
  </datafield>
</record>
